All Minecraft Songs Written by C418 - Statistics

General Stats
  • This quiz has been taken 18 times
  • The average score is 18 of 60
Answer Stats
Year Song % Correct
2011 Minecraft
80%
2011 Cat
67%
2011 Mice on Venus
67%
2013 Aria Math
60%
2013 Stal
60%
2011 Subwoofer Lullaby
60%
2013 Mall
53%
2011 Moog City
53%
2011 Sweden
53%
2013 Ward
53%
2011 Key
47%
2013 Moog City 2
47%
2011 Wet Hands
47%
2013 13
40%
2013 Blind Spots
40%
2011 Dog
40%
2018 Dog
40%
2011 Door
40%
2013 Biome Fest
33%
2013 Mellohi
33%
2013 Blocks
27%
2011 Chris
27%
2011 Clark
27%
2013 Dreiton
27%
2018 Dreiton
27%
2011 Dry Hands
27%
2013 Eleven
27%
2011 Équinoxe
27%
2011 Haggstrom
27%
2013 Ki
27%
2011 Living Mice
27%
2011 Oxygène
27%
2013 Strad
27%
2013 Taswell
27%
2011 Thirteen
27%
2013 Alpha
20%
2011 Beginning
20%
2013 Beginning 2
20%
2013 Chirp
20%
2013 Concrete Halls
20%
2011 Danny
20%
2013 Dead Voxel
20%
2011 Death
20%
2013 Far
20%
2013 Flake
20%
2013 Haunt Muskie
20%
2013 Kyoto
20%
2013 Mutation
20%
2013 The End
20%
2018 The End
20%
2013 Wait
20%
2013 Dragon Fish
13%
2011 Droopy Likes Your Face
13%
2011 Excuse
13%
2013 Floating Trees
13%
2011 Droopy Likes Ricochet
7%
2013 Warmth
7%
2013 Boss
0%
2013 End
0%
2013 Shuniji
0%
No matching quizzes found
Score Distribution
Percent of People with Each Score
Percentile by Number Answered
Your Score History
You have not taken this quiz